Những người thân trong gia đình Bác Hồ
Đã lưu trong:
| Príomhúdar: | |
|---|---|
| Formáid: | Leabhar |
| Teanga: | Undetermined |
| Foilsithe: |
Nghệ An
Nxb. Nghệ An
1996
|
| Ábhair: | |
| Clibeanna: |
Cuir Clib Leis
Gan Chlibeanna, Bí ar an gcéad duine leis an taifead seo a chlibeáil!
|
| Thư viện lưu trữ: | Trung tâm Học liệu Trường Đại học Cần Thơ |
|---|
| LEADER | 00557nam a2200193Ia 4500 | ||
|---|---|---|---|
| 001 | CTU_17053 | ||
| 008 | 210402s9999 xx 000 0 und d | ||
| 020 | |b 9000đ | ||
| 082 | |a 324.2075092 | ||
| 082 | |b S309 | ||
| 100 | |a Trần Minh Siêu | ||
| 245 | 0 | |a Những người thân trong gia đình Bác Hồ | |
| 245 | 0 | |c Trần Minh Siêu | |
| 260 | |a Nghệ An | ||
| 260 | |b Nxb. Nghệ An | ||
| 260 | |c 1996 | ||
| 650 | |a ho chi minh - biography | ||
| 904 | |i Minh, 970710 | ||
| 980 | |a Trung tâm Học liệu Trường Đại học Cần Thơ | ||